000 00465nam a2200145Ia 4500
008 220214s9999 xx 000 0 und d
245 0 _aRUBBERS: RAPRA ABSTRACTS
246 _aRapra Abstracts
247 _aRubber Abstracts
260 _bRubber and Plastics Research Association of Great Britain, England
_aUK
500 _aEnding Volume & Year: 47, 1967
500 _aMissing Volume: 44;45;46(2-9,11)
500 _aStarting Volume & Year: 43, 1965
942 _cBJ
999 _c13002
_d13002